Statistics for Periyodik Tablo'daki Elementler Testi

Click here to take the quiz!

General Stats

  • This quiz has been taken 397 times
  • The average score is 31 of 118

Answer Stats

#SymbolElement% Correct
1HHidrojen
95%
2HeHelyum
93%
8OOksijen
90%
5BBor
79%
3LiLityum
78%
4BeBerilyum
77%
6CKarbon
77%
7NAzot
76%
79AuAltın
74%
10NeNeon
74%
26FeDemir
70%
17ClKlor
70%
12MgMagnezyum
70%
9FFlor
69%
20CaKalsiyum
69%
29CuBakır
67%
19KPotasyum
67%
11NaSodyum
66%
15PFosfor
64%
47AgGümüş
64%
13AlAlüminyum
63%
18ArArgon
63%
16SKükürt
60%
14SiSilisyum
55%
80HgCıva
50%
35BrBrom
43%
30ZnÇinko
42%
92UUranyum
40%
53Iİyot
38%
24CrKrom
34%
82PbKurşun
34%
50SnKalay
33%
27CoKobalt
32%
54XeKsenon
31%
28NiNikel
30%
56BaBaryum
28%
22TiTitanyum
28%
32GeGermanyum
27%
36KrKripton
27%
25MnMangan
27%
87FrFransiyum
26%
31GaGalyum
26%
78PtPlatin
26%
34SeSelenyum
26%
88RaRadyum
25%
33AsArsenik
21%
99EsAynştaynyum
21%
90ThToryum
21%
94PuPlütonyum
19%
95AmAmerikyum
18%
86RnRadon
18%
84PoPolonyum
17%
40ZrZirkonyum
17%
98CfKaliforniyum
16%
46PdPaladyum
16%
21ScSkandiyum
16%
57LaLantan
15%
55CsSezyum
15%
51SbAntimon
14%
93NpNeptünyum
14%
52TeTellür
14%
23VVanadyum
14%
37RbRubidyum
13%
89AcAktinyum
12%
38SrStronsiyum
12%
85AtAstatin
11%
83BiBizmut
11%
74WTungsten
11%
49Inİndiyum
10%
77Irİridyum
10%
39Yİtriyum
10%
48CdKadmiyum
10%
101MdMendelevyum
10%
118OgOganesson
10%
45RhRodyum
10%
68ErErbiyum
9%
96CmKüriyum
9%
103LrLavrensiyum
9%
60NdNeodimyum
9%
102NoNobelyum
9%
61PmPrometyum
9%
104RfRutherfordiyum
9%
58CeSeryum
9%
81TlTalyum
9%
73TaTantal
9%
65TbTerbiyum
9%
97BkBerkelyum
8%
72HfHafniyum
8%
70Ybİterbiyum
8%
42MoMolibden
8%
115McMoskoviyum
8%
76OsOsmiyum
8%
111RgRöntgenyum
8%
106SgSeaborgiyum
8%
117TsTennesin
8%
107BhBohriyum
7%
63EuEvropiyum
7%
112CnKopernikyum
7%
91PaProtaktinyum
7%
75ReRenyum
7%
62SmSamaryum
7%
43TcTeknesyum
7%
69TmTulyum
7%
108HsHassiyum
6%
116LvLivermoriyum
5%
44RuRutenyum
5%
64GdGadolinyum
4%
66DyDisprozyum
3%
105DbDubniyum
3%
100FmFermiyum
3%
67HoHolmiyum
3%
71LuLutesyum
3%
113NhNihoniyum
3%
41NbNiyobyum
3%
59PrPraseodim
3%
110DsDarmstadtiyum
2%
114FlFleroviyum
2%
109MtMeitneriyum
2%

Score Distribution

Percentile by Number Answered

Percent of People with Each Score

Your Score History

You have not taken this quiz